[Event "66th OCF Oklahoma Open"]
[Site "Oklahoma City USA"]
[Date "2011.07.09"]
[Round "2.5"]
[White "Braunlich,T"]
[Black "Veal,J"]
[Result "1-0"]
[WhiteElo "2204"]
[BlackElo "1949"]

1.d4 Nf6 2.Bg5 g6 3.Bxf6 exf6 4.e3 Bg7 5.g3 O-O 6.Bg2 d6 7.Ne2 Nc6 8.O-O Bd7
9.c4 Rb8 10.Nbc3 a6 11.a3 b5 12.cxb5 axb5 13.b4 Ne7 14.Rc1 f5 15.Nf4 Re8
16.Ncd5 Nxd5 17.Bxd5 Rc8 18.Qb3 Re7 19.Bc6 Bxc6 20.Rxc6 Ra8 21.Rfc1 Ra7 22.Nd5 Rd7
23.R1c3 g5 24.Qc2 f4 25.Rxc7 Raxc7 26.Rxc7 Rxc7 27.Qxc7 Qe8 28.Qc8 Qxc8 29.Ne7+ Kh8
30.Nxc8 fxe3 31.fxe3 Bf8 32.Na7 Kg7 33.Nxb5 Kf6 34.Nc3 Ke7 35.Kf2 Kd7 36.Kf3 Kc6
37.Kg4 h6 38.Kf5 Bg7 39.g4 Kb6 40.a4 Kc6 41.a5 Kb7 42.b5 Ka7 43.Ne4 Bf8 44.d5 Be7
45.Nd2 Kb7 46.Nc4 Ka7 47.e4 Kb7 48.e5 dxe5 49.d6 Bd8 50.a6+ Ka7 51.Nxe5  1-0

[Event "ch-Central Serbia Int Open A"]
[Site "Paracin SRB"]
[Date "2011.07.09"]
[Round "3.10"]
[White "Miladinovic,I"]
[Black "Nenezic,M"]
[Result "1/2-1/2"]
[WhiteElo "2566"]
[BlackElo "2274"]

1.d4 Nf6 2.Bg5 c5 3.Bxf6 gxf6 4.dxc5 Qa5+ 5.Nd2 Qxc5 6.c3 f5 7.Ngf3 Bg7 8.e4 d6
9.a4 Qc7 10.a5 Na6 11.Bb5+ Bd7 12.Qe2 fxe4 13.Bxd7+ Qxd7 14.Nxe4 O-O 15.O-O Rac8
16.Rad1 Rfe8 17.Rfe1 Nc5 18.Ng3 Ne6 19.Nf5 Rc5 20.Qe4 Qb5 21.Nxg7 Nxg7 22.Qb1 Qd7
23.Qa2 a6 24.h4 Qf5 25.c4 Rxa5 26.Qb3 Qd7 27.Ng5 h6 28.Ne4 Qc6 29.Qg3 Re5
30.Qf4 Ne6 31.Qg3+ Ng7 32.Rd5 Qxc4 33.Rxe5 dxe5 34.Qxe5 Qe6 35.Qc3 Qc6 36.Qd2 Rc8
37.Nc3 Re8 38.Re3 Qd6 39.Rd3 Qf6 40.Rd4 Ne6 41.Rg4+ Kh7 42.Qd5 Rg8 43.Rxg8 Kxg8
44.Qxb7 Nf4 45.Qf3 Qe5 46.Qa8+ Kg7 47.Qxa6 Qe1+ 48.Qf1 Qd2 49.Qd1 Qxb2 50.Qg4+ Ng6
51.Nd1 Qe5 52.h5 Qf4 53.Qd7 Nh4 54.Ne3 Qg5 55.Qd4+ Kg8  1/2-1/2

[Event "SPA Open A"]
[Site "Amsterdam NED"]
[Date "2011.07.10"]
[Round "2"]
[White "Duijker,R"]
[Black "Friedel,J"]
[Result "0-1"]
[WhiteElo "2276"]
[BlackElo "2531"]

1.d4 Nf6 2.Bg5 d5 3.Bxf6 gxf6 4.e3 c5 5.dxc5 e6 6.c4 dxc4 7.Qxd8+ Kxd8 8.Nc3 Bxc5
9.Bxc4 Ke7 10.Nf3 Nd7 11.O-O b6 12.Ne4 Bb7 13.Nxc5 Nxc5 14.Nd4 Rac8 15.Rac1 Ne4
16.Bb5 Nd6 17.Bd3 a5 18.f3 Bd5 19.b3 f5 20.Ba6 Rc5 21.Rfd1 Ra8 22.Bd3 a4
23.Bc2 Rac8 24.Rb1 Rxc2 25.Nxc2 Rxc2 26.bxa4 Nc4 27.Rd4 Nxe3 28.Rxb6 Rxg2+
29.Kh1 Rxa2  0-1

[Event "Karvina Open"]
[Site "Karvina CZE"]
[Date "2011.07.10"]
[Round "9"]
[White "Kireev,Al"]
[Black "Worek,J"]
[Result "1-0"]
[WhiteElo "2360"]
[BlackElo "2306"]

1.d4 Nf6 2.Bg5 d5 3.e3 c5 4.c3 Ne4 5.Bf4 Nc6 6.Bd3 Nf6 7.Nd2 Qb6 8.Rb1 Bg4
9.Ngf3 e6 10.O-O Be7 11.a3 Nh5 12.Bg3 Nxg3 13.hxg3 h5 14.dxc5 Qxc5 15.Qc2 h4
16.Nh2 hxg3 17.Nxg4 d4 18.fxg3 dxe3 19.Ne4 Qb6 20.c4 Qd4 21.Rf4 O-O-O 22.Be2 f5
23.Nc3 Qb6 24.c5 Qxc5 25.Rc4 Rd2 26.Qa4 Qb6 27.Ne5 Qc7 28.Nxc6 Qxg3 29.Nxe7+ Kb8
30.Nc6+ bxc6 31.Rb4+ Kc7 32.Qxa7+ Kd6 33.Rd4+ Rxd4 34.Qxd4+ Ke7 35.Qa7+ Kf6
36.Ne4+  1-0

[Event "8th South Wales Int"]
[Site "Penarth WLS"]
[Date "2011.07.10"]
[Round "3.15"]
[White "Wills,Alex"]
[Black "Wilen,E"]
[Result "0-1"]
[WhiteElo "1724"]
[BlackElo "2098"]

1.d4 Nf6 2.Bg5 c5 3.Bxf6 gxf6 4.d5 Qb6 5.Qc1 Bg7 6.Nd2 d6 7.g3 Qc7 8.Bg2 b5
9.a3 Bb7 10.e4 Nd7 11.Ne2 Bh6 12.f4 c4 13.c3 Nc5 14.O-O Nd3 15.Qc2 Qb6+ 16.Nd4 f5
17.Kh1 fxe4 18.Bxe4 Bg7 19.Nf5 Bf6 20.b3 Nf2+ 21.Kg2 Nxe4 22.Qxe4 Qc5 23.bxc4 bxc4
24.Ne3 Bxc3 25.Rab1 Rb8 26.Ndxc4 O-O 27.Rfd1 e6 28.Rxb7 Rxb7 29.dxe6 Re7
30.f5 fxe6 31.fxe6 Be5 32.Rd5 Qc8 33.Nxe5 dxe5 34.Rxe5 Rf6 35.Nd5 Qf8 36.Nxf6+ Qxf6
37.Qa8+ Kg7 38.Qd5 Rc7 39.Rg5+ Kh6 40.h4 Rc2+ 41.Kh3 Qf1+ 42.Kg4 Rc4+ 43.Qxc4 Qxc4+
44.Kf5 Qc5+ 45.Kf6 Qf8+ 46.Ke5 Qxa3 47.Kf5 Qf8+ 48.Ke5 a5 49.Rf5 Qb8+ 50.Kf6 Qxg3
51.e7 Qxh4+ 52.Kf7 Qc4+ 53.Kf8 Qc8+  0-1

[Event "XXVI Tadeusza Gniota"]
[Site "Police POL"]
[Date "2011.07.11"]
[Round "7.3"]
[White "Hnydiuk,A"]
[Black "Malisauskas,V"]
[Result "0-1"]
[WhiteElo "2432"]
[BlackElo "2477"]

1.d4 Nf6 2.Bg5 d5 3.Bxf6 exf6 4.e3 c6 5.c4 Be6 6.cxd5 Qxd5 7.Nc3 Qa5 8.Bd3 Bd6
9.Ne2 O-O 10.O-O f5 11.Qc2 g6 12.a3 Qc7 13.g3 Nd7 14.b4 Nf6 15.Na4 Qe7 16.Nc5 Bd5
17.Nc3 Bf3 18.Be2 Bxe2 19.Qxe2 a5 20.Qb2 h5 21.Rfb1 axb4 22.axb4 h4 23.Rxa8 Rxa8
24.Ra1 Rxa1+ 25.Qxa1 Kg7 26.Qa7 hxg3 27.hxg3 Ng4 28.Nd1 g5 29.Qa2 b6 30.Nd3 Bxb4
31.Qc4 c5 32.Nxb4 cxb4 33.Qb3 Qe4 34.Qxb4 Qc2 35.Qe1 b5 36.d5 b4 37.d6 Ne5
38.Kf1 g4 39.Qe2 b3 40.Nb2 Kf6 41.Ke1 Nf3+ 42.Kf1 Ke6 43.Qc4+ Kxd6 44.Qa6+ Ke7
45.Qa7+ Kf6 46.Qa1 Kg6 47.Qa6+ Kg7 48.Qa1 Kh7 49.Kg2 Ng5 50.Nd1 Ne4 51.Qe5 Kg8
52.Qb8+ Kg7 53.Qe5+ Kg6 54.Qd4 b2 55.Qb6+ Kh7 56.Qb7 Nd6 57.Qxb2 Qxd1 58.Qe5 Qf3+  0-1

[Event "Lev Polugaevsky Mem"]
[Site "Samara RUS"]
[Date "2011.07.11"]
[Round "7"]
[White "Osipov,And"]
[Black "Kobylsky,E"]
[Result "0-1"]
[WhiteElo "2321"]
[BlackElo "2059"]

1.d4 d5 2.Bg5 Nf6 3.Nf3 c6 4.Bxf6 gxf6 5.Nbd2 Bg7 6.e4 e5 7.c4 dxe4 8.Nxe4 f5
9.Ng3 e4 10.Nh5 exf3 11.Nxg7+ Kf8 12.Qxf3 Kxg7 13.Qg3+ Kf8 14.O-O-O Rg8 15.Qc3 Qg5+
16.Kb1 f4 17.h4 Qf6 18.g4 Bxg4 19.Re1 Na6 20.Bd3 Kg7 21.Re5 Kh8 22.Bc2 h6
23.a3 Rad8 24.Qd3 Rg7 25.Rhe1 Bd7 26.d5 Qxh4 27.Qe4 Nc5 28.Qd4 b6 29.Re7 Qg5
30.R7e5 Qh4 31.b4 Nb7 32.Re7 Nd6 33.Rg1 Nf5 34.Rxd7 Nxd4  0-1

[Event "SPA Open A"]
[Site "Amsterdam NED"]
[Date "2011.07.12"]
[Round "4"]
[White "Duijker,R"]
[Black "Hovenga,A"]
[Result "0-1"]
[WhiteElo "2276"]
[BlackElo "2221"]

1.d4 Nf6 2.Bg5 c5 3.Bxf6 gxf6 4.d5 Qb6 5.Qc1 f5 6.c4 d6 7.Nc3 Bg7 8.e3 Nd7
9.Qc2 Ne5 10.h3 Bd7 11.f4 Ng6 12.Bd3 e6 13.Nge2 O-O-O 14.O-O Kb8 15.Rab1 Rhg8
16.Kh2 Rde8 17.a3 Nh4 18.g3 Ng6 19.e4 Ne7 20.exf5 exf5 21.Ng1 Bf6 22.Nf3 Rg7
23.Rbe1 Reg8 24.Rg1 Qd8 25.Qf2 Ng6 26.Nd1 Qb6 27.Qc2 Ne7 28.b3 h5 29.h4 Qd8
30.a4 Qa5 31.Qd2 Qxd2+ 32.Nxd2 Kc7 33.Nf3 b6 34.Ne3 a6 35.Re2 Rb8 36.Ra2 Bc3
37.Rc1 Bf6 38.Rcc2 Rbg8 39.Ng5 Bd4 40.Nf1 Re8 41.Re2 Bf6 42.Ne3 Rb8 43.Kg2 Rh8
44.Kf2 Rhg8 45.Nf1 Rb8 46.Nf3 Ng8 47.Ne3 Nh6 48.Ng5 Rgg8 49.Re1 Bc3 50.Ree2 Rbe8
51.Nd1 Bd4+ 52.Kf3 Rxe2 53.Rxe2 Kd8 54.Kg2 Re8 55.Rxe8+ Kxe8 56.Nf3 Bg7 57.Ne3 Ke7
58.Kf2 Bc3 59.Ke2 Kf6 60.Nd1 Bb4 61.Ne1 Ng4 62.Nc2 Ba5 63.Nce3 Nxe3 64.Kxe3 Be1
65.Kf3 Bd2 66.Kf2 a5 67.Ke2 Bc1 68.Nf2 Bb2 69.Nh3 Bd4 70.Ng5 Bc3 71.Kf2 Bd4+
72.Kg2 Bc3 73.Be2 Kg6 74.Bxh5+ Kxh5 75.Nxf7 Kg6 76.Nxd6 Kf6 77.Kf3 Ke7 78.Nb5 Bf6
79.h5 Kf7 80.Na3 Kg7 81.Nc2 Kh6 82.Ne3 Kxh5 83.Ng2 Bd4 84.Nh4 Kh6 85.Kg2 Kg7
86.Nf3 Kf6 87.Kf1 Bc3 88.Ke2 Be8 89.Kd3 Bb2 90.Kc2 Ba1 91.Kb1 Bc3 92.Kc2 Bb4
93.Kd1 Bh5 94.Ke2 Bc3 95.Kd3 Bxf3 96.Kxc3 Bh5 97.Kd2 Be8 98.Ke3 Kg6 99.Kf3 Kh5
100.Kf2 Kg4 101.Kg2 Bd7 102.Kf2 Kh3 103.Kf3 Kh2 104.Kf2 Bc8 105.Kf3 Kg1 106.g4 fxg4+
107.Ke4 g3 108.f5 g2 109.f6 Kh2 110.f7 g1=Q 111.f8=Q Qd4+ 112.Kf3 Bg4+  0-1

[Event "Oberwart Open"]
[Site "Oberwart AUT"]
[Date "2011.07.12"]
[Round "4"]
[White "Hansen,Kay"]
[Black "Novkovic,J"]
[Result "1-0"]
[WhiteElo "2205"]
[BlackElo "2066"]

1.d4 Nf6 2.Bg5 g6 3.Bxf6 exf6 4.h4 d5 5.e3 Qd6 6.c3 Bg7 7.Bd3 Nc6 8.Nd2 Bd7
9.Ne2 Ne7 10.Qb3 b6 11.h5 f5 12.O-O-O Qc6 13.Rde1 Qa4 14.f3 Qxb3 15.axb3 O-O-O
16.Kc2 Kb8 17.b4 Bh6 18.f4 Nc8 19.hxg6 hxg6 20.Rh3 Bg7 21.Reh1 Rxh3 22.Rxh3 Rh8
23.Rxh8 Bxh8 24.Nf3 Nd6 25.Ne5 Be8 26.b3 f6 27.Nf3 Bf7 28.Nh4 b5 29.g4 fxg4
30.Bxg6 c6 31.Bxf7 Nxf7 32.Ng3 Kc7 33.Kd3 Nd6 34.Nhf5 Nxf5 35.Nxf5 Kd7 36.Nh6 g3
37.Ke2 Ke6 38.f5+ Ke7 39.Kf3 Bg7 40.Ng4 Kf7 41.Kxg3 Bf8 42.Kf3 Bd6 43.e4 dxe4+
44.Kxe4 Ke7 45.Nf2 Bc7 46.Nd3 a5 47.bxa5 Bxa5 48.b4 Bc7 49.Nc5 Bg3 50.Kd3 Bh4
51.Ne4 Be1 52.Nd2 Kd7 53.Nf3 Bg3 54.c4 Bf4 55.c5 Bh6 56.d5 cxd5 57.Nd4 Bf4
58.Nxb5 Be5 59.Nd4 Bg3 60.b5 Be5 61.b6 Kc8 62.c6 Bg3 63.Ne2 Bf2 64.b7+ Kc7
65.Nc3 Bg3 66.b8=Q+ Kxb8 67.Nxd5 Be5 68.Ke4 Kc8 69.Kf3 Kd8 70.Kg4 Kc8 71.Kh5 Bb2
72.Kg6 Kd8 73.Kf7 Bd4 74.Ke6 Kc8 75.c7 Be5 76.Ke7 Bd4 77.Kd6 Be5+ 78.Kc6  1-0

[Event "ch-Central Serbia Int Open A"]
[Site "Paracin SRB"]
[Date "2011.07.12"]
[Round "5.24"]
[White "Tosic,S"]
[Black "Milovanovic,Srb"]
[Result "1-0"]
[WhiteElo "2342"]
[BlackElo "2196"]

1.d4 Nf6 2.Bg5 c5 3.Bxf6 gxf6 4.d5 Qb6 5.Qc1 d6 6.e3 Rg8 7.g3 e5 8.Nd2 Bf5
9.Bg2 Nd7 10.a4 Bg6 11.a5 Qc7 12.Ne2 f5 13.Nc4 Rb8 14.Nc3 a6 15.Qd2 Bg7 16.O-O h5
17.f3 Nf6 18.Qe2 e4 19.fxe4 Nxe4 20.Nxe4 fxe4 21.Rf4 Qe7 22.Bxe4 Bh6 23.Bxg6 Rxg6
24.Rf3 h4 25.Raf1 hxg3 26.Rxg3 Rxg3+ 27.hxg3 Kd7 28.Qh5 Bxe3+ 29.Kh2 f5 30.Qxf5+ Kc7
31.Qf7 Rh8+ 32.Kg2 Bg5 33.Nxd6 Kxd6 34.Qg6+ Kxd5 35.Rd1+ Ke5 36.Re1+ Kd5
37.Rxe7 Bxe7 38.Qg7  1-0

[Event "ch-Central Serbia Int Open A"]
[Site "Paracin SRB"]
[Date "2011.07.12"]
[Round "6.42"]
[White "Markovic,Sa"]
[Black "Markoja,S"]
[Result "0-1"]
[WhiteElo "2198"]
[BlackElo "1923"]

1.d4 Nf6 2.Bg5 g6 3.Bxf6 exf6 4.c4 Bg7 5.Nc3 f5 6.e3 d6 7.g3 c6 8.Bg2 O-O
9.Nge2 Nd7 10.O-O Nf6 11.b4 Bd7 12.a4 Re8 13.Qd3 Qe7 14.Rfb1 Ne4 15.c5 Rad8
16.Qc2 Bc8 17.Ra2 dxc5 18.bxc5 Nxf2 19.Kxf2 Qxe3+ 20.Kf1 Rxd4 21.Qc1 Rc4
22.Qxe3 Rxe3 23.Nd1 Re8 24.Nf2 Rxc5 25.Rb4 Rd5 26.a5 Bf8 27.Rba4 Rb5 28.Nd3 Rb1+
29.Kf2 Be6 30.Rd2 Bb3 31.Nc3 Bxa4 32.Nxb1 Rd8 33.Nb2 Bc5+ 34.Kf3 Rxd2 35.Nxd2 Bb5
36.Nb3 Ba3  0-1

[Event "SPA Open A"]
[Site "Amsterdam NED"]
[Date "2011.07.13"]
[Round "5"]
[White "Duijker,R"]
[Black "Losekoot,P"]
[Result "1-0"]
[WhiteElo "2276"]
[BlackElo "2060"]

1.d4 Nf6 2.Bg5 d5 3.Bxf6 gxf6 4.e3 c5 5.c4 cxd4 6.Qxd4 dxc4 7.Qxd8+ Kxd8
8.Nc3 e6 9.Bxc4 Bc5 10.Nge2 Nd7 11.O-O Ke7 12.a3 a5 13.Rfd1 b6 14.Bb5 Rd8
15.Bc6 Rb8 16.Bxd7 Rxd7 17.Ne4 f5 18.Ng5 Rxd1+ 19.Rxd1 Bb7 20.Nf3 Bxf3 21.gxf3 Rd8
22.Rxd8 Kxd8 23.a4 Kd7 24.Nf4 Kc6 25.b3 Bd6 26.Nd3 Kd5 27.Kf1 e5 28.Ne1 f4
29.Ke2 fxe3 30.fxe3 f5 31.h3 Be7 32.Nc2 Bc5 33.Kd2 Be7 34.Ke2 Bc5 35.Ne1 Be7
36.Ng2 Kc5 37.Kd3 Kb4 38.Kc2 Bg5 39.e4 fxe4 40.fxe4 Kc5 41.Kc3 b5 42.Ne1 bxa4
43.bxa4 Kd6 44.Kc4 Ke6 45.Nf3 Bd8 46.Kc5 h6 47.Kc6 Be7 48.Ne1 Bb4 49.Ng2 Bd2
50.Nh4 Bg5 51.Nf5 Bd2 52.Kc5 Bb4+ 53.Kc4 Bd2 54.Kd3 Bc1 55.Nh4 Bg5 56.Nf3 Be7
57.Nd2 Bb4 58.Nc4 Be1 59.Ke2 Bb4 60.Kf3 Bc3 61.Kg4 Kd7 62.Kf5 Kc6 63.Nxe5+ Kc5
64.Nd3+ Kc4 65.Nf4 Kb3 66.e5 Bxe5 67.Kxe5 Kxa4 68.h4 Kb3 69.Nd3 Kc4 70.Ke4 Kc3
71.Nc5 Kc4 72.Nd7 Kb5 73.h5 a4 74.Kd4 Kb4 75.Kd3 a3 76.Kc2 Kc4 77.Nf6 Kd4
78.Ng4 Ke4 79.Nxh6 Kf4 80.Ng4 Kg5 81.h6 Kg6 82.Kb3 a2 83.Kb2 a1=Q+ 84.Kxa1 Kh7
85.Kb2 Kg6 86.Kc3 Kh7 87.Kd4 Kg6 88.Ke5 Kh7 89.Kf6 Kh8 90.Kg6 Kg8 91.Ne5  1-0

[Event "SPA Open A"]
[Site "Amsterdam NED"]
[Date "2011.07.13"]
[Round "5"]
[White "Kohler,Ar"]
[Black "Ootes,La"]
[Result "1-0"]
[WhiteElo "2225"]
[BlackElo "2376"]

1.d4 Nf6 2.Bg5 c5 3.d5 Qb6 4.Nc3 Qxb2 5.Bd2 Qb6 6.e4 e5 7.Rb1 Qd8 8.f4 d6
9.Bb5+ Nbd7 10.fxe5 dxe5 11.Nf3 a6 12.Bxd7+ Nxd7 13.O-O Bd6 14.a4 h6 15.Be1 Qe7
16.Nd2 Nf8 17.Nc4 Ng6 18.Rb6 Bb8 19.Rxg6 fxg6 20.Nb6 c4 21.Nxa8 b5 22.a5 b4
23.Na4 Bd7 24.N8b6 Ba7 25.Bf2 Bb5 26.Bc5 Bxb6 27.axb6 Qb7 28.Qg4 Bxa4 29.Qe6+ Kd8
30.Rf7 Bd7 31.Qe7+ Kc8 32.Rf8+ Rxf8 33.Qxf8+ Be8 34.Qxe8+  1-0

[Event "St Pauli Open"]
[Site "Hamburg GER"]
[Date "2011.07.14"]
[Round "7.48"]
[White "Knaak,M"]
[Black "Buchholz,Ro"]
[Result "0-1"]
[WhiteElo "1919"]
[BlackElo "2048"]

1.d4 Nf6 2.Bg5 d5 3.Bxf6 exf6 4.e3 Bf5 5.c4 Bxb1 6.Qxb1 Bb4+ 7.Kd1 O-O 8.c5 c6
9.a3 Ba5 10.Bd3 g6 11.Ne2 f5 12.b4 Bc7 13.h4 h5 14.Nc3 Nd7 15.Ra2 Qf6 16.Rd2 a5
17.b5 Nxc5 18.Nxd5 cxd5 19.dxc5 f4 20.e4 Rad8 21.f3 dxe4 22.Bxe4 Rxd2+ 23.Kxd2 Qd4+
24.Qd3 Qb2+ 25.Qc2 Rd8+ 26.Bd3 Qxb5 27.Rb1 Qa6 28.Ke2 Re8+ 29.Kf1 Qe6 30.Be4 b6
31.cxb6 Bxb6 32.Bc6 Re7 33.Qe4 Qxe4 34.Bxe4 Be3 35.Rb5 Rc7 36.Rxa5 Rc1+ 37.Ke2 Rg1
38.Rg5 Ra1 39.g3 Ra2+ 40.Kf1 Rxa3 41.g4 hxg4 42.Rxg4 Ra5 43.Kg2 f5 44.Bxf5 Rxf5
45.Rxg6+ Kf7 46.Rc6 Rh5 47.Rc4 Rxh4 48.Rc6 Rh8 49.Rc7+ Ke6 50.Rc6+ Kf5 51.Ra6 Rg8+
52.Kf1 Rg3 53.Ke2 Rg2+ 54.Kd3 Rd2+  0-1

[Event "21st Heart of Finland"]
[Site "Jyvaskyla FIN"]
[Date "2011.07.14"]
[Round "6"]
[White "Franssila,T"]
[Black "Bicer,Sena Aksel"]
[Result "1-0"]
[WhiteElo "2213"]
[BlackElo "1758"]

1.d4 Nf6 2.Bg5 g6 3.Nc3 Bg7 4.e4 d6 5.f4 O-O 6.e5 dxe5 7.dxe5 Nfd7 8.Bc4 Nb6
9.Bb3 Qxd1+ 10.Rxd1 Re8 11.Nf3 c5 12.Nd5 Nxd5 13.Rxd5 c4 14.Ba4 Nc6 15.Nd4 Rb8
16.O-O Rf8 17.Bxc6 bxc6 18.Nxc6 Rxb2 19.Nxe7+ Kh8 20.Rfd1 h6 21.Bh4 Rxc2
22.Rd8 g5 23.fxg5 Bb7 24.gxh6 Bxh6 25.Rxf8+ Bxf8 26.Rd8 Rxg2+ 27.Kf1 Rg8
28.Nxg8 Kxg8 29.Be7 c3 30.Rxf8+ Kg7 31.Rb8 c2 32.Ba3  1-0

[Event "Myrhorod Open A"]
[Site "Myrhorod UKR"]
[Date "2011.07.14"]
[Round "9.21"]
[White "Bondar,W"]
[Black "Rudakova,Z"]
[Result "0-1"]
[WhiteElo "2135"]
[BlackElo "2015"]

1.d4 d5 2.Bg5 Nf6 3.Bxf6 exf6 4.e3 Bf5 5.c4 Bxb1 6.Rxb1 Bb4+ 7.Ke2 dxc4 8.f3 O-O
9.Kf2 Qd5 10.Qc2 b5 11.b3 c3 12.Ne2 a6 13.Nxc3 Qc6 14.Rc1 Ba3 15.Bd3 Bxc1
16.Bxh7+ Kh8 17.Be4 Bxe3+ 18.Kxe3 Qe6 19.Qf2 g6 20.g4 Kg7 21.f4 c6 22.f5 Qd6
23.h4 Rh8 24.Rg1 Nd7 25.g5 Rae8 26.fxg6 fxg6 27.gxf6+ Nxf6 28.Qf5 Nxe4 29.Nxe4 Rxh4
30.Rg4 Rxg4 31.Qxg4 Qe6 32.Qf4 a5 33.Kd3  0-1

[Event "SPA Open A"]
[Site "Amsterdam NED"]
[Date "2011.07.15"]
[Round "7"]
[White "Duijker,R"]
[Black "Schroer,M"]
[Result "1-0"]
[WhiteElo "2276"]
[BlackElo "2116"]

1.d4 Nf6 2.Bg5 g6 3.Bxf6 exf6 4.e3 d5 5.g3 c6 6.Bg2 Be6 7.Ne2 Bd6 8.Nd2 h5
9.O-O h4 10.c4 hxg3 11.hxg3 dxc4 12.Qc2 Bc7 13.Nxc4 Kf8 14.Rfd1 Na6 15.a3 Kg7
16.e4 Qd7 17.d5 cxd5 18.exd5 Bh3 19.Bf3 Bg4 20.Qe4 Bxf3 21.Qxf3 b5 22.Ne3 Bb6
23.Ng4 Qd6 24.Nd4 Rh5 25.Nxb5 Rf5 26.Nxd6 Rxf3 27.Kg2 Rb3 28.Nc4 Nc5 29.Nge3 Na4
30.Rd2 Bxe3 31.Nxe3 Rxb2 32.Rd4 Nb6 33.Rc1 Rd8 34.Rc7 Rd7 35.Rxd7 Nxd7 36.Ra4 Rb7
37.Kf3 f5 38.Ra6 Nb6 39.Ke2 Rd7 40.Ra5 Kf6 41.Kd3 g5 42.Kd4 f4 43.gxf4 gxf4
44.Ng4+ Ke7 45.Ne5 Rc7 46.Nc6+ Kd6 47.Rxa7 Nxd5 48.Rxc7 Nxc7 49.Na7 Ne6+
50.Kc4 Kc7 51.Nb5+ Kb6 52.Nc3 Ka5 53.Kd5 f3 54.Ke4 Ng5+ 55.Kf4 f6 56.Kg4 Ne6
57.Kxf3 Nd4+ 58.Ke4 Nc2 59.Nb1 Ka4 60.Kf5 Ne1 61.Kxf6 Nd3 62.f3 Nf4 63.Ke5 Nd3+
64.Kd4 Nf4 65.Ke4 Ne6 66.f4 Kb3 67.Ke5 Nc5 68.f5 Kc2 69.f6 Kxb1 70.f7 Kb2
71.a4  1-0

[Event "13th Sant Marti Open"]
[Site "Barcelona ESP"]
[Date "2011.07.15"]
[Round "3"]
[White "Dominguez Pons,E"]
[Black "Abreu Delgado,A"]
[Result "1/2-1/2"]
[WhiteElo "2344"]
[BlackElo "2479"]

1.d4 Nf6 2.Bg5 d5 3.e3 c6 4.Bd3 Bg4 5.f3 Bh5 6.Ne2 e6 7.O-O Bg6 8.c4 Be7
9.Nbc3 Bxd3 10.Qxd3 Nbd7 11.Rad1 O-O 12.Kh1 dxc4 13.Qxc4 Nd5 14.Bxe7 Qxe7
15.Qd3 Qb4 16.a3 Qxb2 17.Nxd5 cxd5 18.Rb1 Qa2 19.Nc1 Qc4 20.Qxc4 dxc4 21.Rxb7 Nb6
22.Ne2 Rfb8 23.Rxb8+ Rxb8 24.Rb1 Rc8 25.Nc3 Nd5 26.Nxd5 exd5 27.Kg1 Kf8 28.Kf2 Rc6
29.e4 c3 30.Ke2 c2 31.Rc1 Rc3 32.Kd2 Rxa3 33.Rxc2 dxe4 34.fxe4 Ke7 35.Rc7+ Ke8
36.g3 h5 37.d5 g5 38.d6 h4 39.gxh4 gxh4 40.Re7+ Kf8 41.Rb7 Ke8 42.Re7+ Kf8
43.Rb7 Ke8 44.Re7+  1/2-1/2

[Event "ch-Central Serbia Int Open B"]
[Site "Paracin SRB"]
[Date "2011.07.15"]
[Round "9.19"]
[White "Lukic,Milu"]
[Black "Zajic,Milun"]
[Result "1-0"]
[WhiteElo "2026"]
[BlackElo "1779"]

1.d4 Nf6 2.Bg5 d5 3.c3 c6 4.e3 Bf5 5.Nd2 Nbd7 6.b4 a6 7.h3 e5 8.Ngf3 Bd6
9.Nh4 Be6 10.g4 h6 11.Bxf6 Qxf6 12.Ng2 g5 13.Be2 Qg6 14.Nb3 b5 15.a4 O-O
16.O-O f5 17.dxe5 Bxe5 18.Nd4 Bxd4 19.exd4 fxg4 20.hxg4 Bf7 21.Bd3 Qd6 22.f4 Bg6
23.Bxg6 Qxg6 24.f5 Qd6 25.Re1 Rae8 26.axb5 cxb5 27.Qf3 Nf6 28.Qh3 Kg7 29.Rad1 Ne4
30.Re3 Rc8 31.Rde1 Rf7 32.Rxe4 dxe4 33.Rxe4 Re7 34.Rxe7+ Qxe7 35.Qf3 Qd6
36.Qb7+ Kf6 37.Qh7 Rxc3 38.Qxh6+ Ke7 39.Qg7+ Kd8 40.Qxg5+ Kc7 41.Qg7+ Kb6
42.Qe5 Qxe5 43.dxe5 Rd3 44.Kf2 Rd4 45.Kf3 Rxb4 46.Nf4 Kc7 47.Nd5+ Kd7 48.Nxb4 a5
49.Nc6 a4 50.Nd4  1-0

[Event "III Corporation Cup A"]
[Site "Izhevsk RUS"]
[Date "2011.07.16"]
[Round "2"]
[White "Papayan,O"]
[Black "Savchuk,V"]
[Result "1-0"]
[WhiteElo "2285"]
[BlackElo "2122"]

1.d4 Nf6 2.Bg5 d5 3.c4 c6 4.Nc3 e6 5.e3 Nbd7 6.Nf3 Be7 7.Bd3 dxc4 8.Bxc4 b5
9.Bd3 a6 10.O-O c5 11.a4 b4 12.Ne4 cxd4 13.Nxd4 Bb7 14.Nxf6+ Nxf6 15.Qb3 O-O
16.Rfd1 Qa5 17.Bh4 Rac8 18.Bc4 Rc5 19.Bxe6 Rh5 20.Bxf6 Bxf6 21.Bg4 Bd5 22.Qd3 Rg5
23.Bf3 Rd8 24.e4 Ba8 25.Qe3 h6 26.Rd3 Re5 27.Nb3 Rxd3 28.Qxd3 Qb6 29.Rc1 Re8
30.Rc2 Rd8 31.Qe2 a5 32.Rc5 Qe6 33.Nxa5 Qa2 34.g3 Qxb2 35.Qxb2 Bxb2 36.Rb5 Bc3
37.Kg2 Be1 38.Kf1 Bc3 39.Ke2 g6 40.h4 h5 41.Nb3 Bc6 42.Ra5 Rb8 43.e5 Bd7
44.Ke3 Be6 45.Bd5 Rc8 46.Bxe6 fxe6 47.Rc5 Rxc5 48.Nxc5 Bxe5 49.Nxe6 b3 50.Kd3 Kf7
51.Nc5 b2 52.Kc2 Bd4 53.Nd3 Ke6 54.f3 Kf5 55.a5 g5 56.hxg5 Kxg5 57.a6 h4
58.gxh4+ Kxh4 59.Nxb2 Kg5 60.Kd3 Ba7  1-0

[Event "Oberwart Open"]
[Site "Oberwart AUT"]
[Date "2011.07.17"]
[Round "9"]
[White "Kiss,R"]
[Black "Stolterfoht,D"]
[Result "1-0"]
[WhiteElo "2058"]
[BlackElo "2118"]

1.d4 d5 2.Bg5 Nf6 3.Bxf6 exf6 4.e3 Bd6 5.Bd3 O-O 6.Ne2 Bg4 7.O-O Nd7 8.c4 dxc4
9.Bxc4 c5 10.dxc5 Nxc5 11.Nbc3 a6 12.h3 Be6 13.Bxe6 fxe6 14.b4 Nd3 15.Qb3 Qe7
16.a3 Rac8 17.Ne4 Ne5 18.Nxd6 Qxd6 19.Rfd1 Qe7 20.Nd4 Nc4 21.Rac1 b5 22.Rc3 Rfd8
23.Rcd3 Re8 24.Qa2 Red8 25.Nc6  1-0

[Event "XIII Gdansk Open"]
[Site "Gdansk POL"]
[Date "2011.07.18"]
[Round "3.6"]
[White "Les,C"]
[Black "Bugalski,M"]
[Result "1-0"]
[WhiteElo "1924"]
[BlackElo "2240"]

1.d4 Nf6 2.Bg5 d5 3.e3 c5 4.Nf3 Bf5 5.dxc5 Ne4 6.Bf4 e6 7.Bxb8 Rxb8 8.Bb5+ Ke7
9.Nd4 Bg6 10.b4 e5 11.Ne2 f6 12.O-O b6 13.c6 Nd6 14.Nbc3 Nxb5 15.Nxb5 Rc8
16.c4 dxc4 17.Qa4 Ke6 18.Rad1 Bd3 19.f4 Qe7 20.fxe5 Bxe2 21.Nd4+ Kf7 22.Nxe2 Qxe5
23.Qxa7+ Be7 24.Qxb6 Rb8 25.Qa7 Rxb4 26.Rd7 Rc8 27.Nf4 Rb5 28.Rfd1 Ke8 29.Rxe7+ Qxe7
30.Qd7+ Kf7 31.Qxc8 Qxe3+ 32.Kh1 Qxf4 33.Qd7+ Kg6 34.c7 Rf5 35.h3  1-0

[Event "2nd Girona Open"]
[Site "Girona ESP"]
[Date "2011.07.18"]
[Round "5"]
[White "Salgado Allaria,C"]
[Black "Salagran Ferragut,G"]
[Result "1-0"]
[WhiteElo "2325"]
[BlackElo "1755"]

1.d4 Nf6 2.Bg5 c5 3.Bxf6 gxf6 4.Nc3 cxd4 5.Qxd4 Nc6 6.Qh4 Qb6 7.O-O-O Bg7
8.Qg3 O-O 9.e4 d6 10.Bd3 Nb4 11.Nd5 Nxd5 12.exd5 e5 13.c3 f5 14.f4 e4 15.Bc2 Qa6
16.Kb1 Bd7 17.Qe3 Rfe8 18.Ne2 Rac8 19.h3 Qb6 20.Qxb6 axb6 21.Rhg1 Kh8 22.g4 Bh6
23.g5 Bg7 24.Rg3 Rc5 25.Bb3 Bb5 26.Re3 Bxe2 27.Rxe2 Bf8 28.c4 Rec8 29.a4 Kg7
30.Rg2 Kg6 31.Rh1 Bg7 32.h4 Bd4 33.h5+ Kg7 34.Rh3 R5c7 35.Kc1 Rf8 36.Kd1 Re7
37.Ba2 Bc5 38.Bb1 Rh8 39.b3 Bb4 40.Bc2 Rf8 41.Ke2 Ree8 42.Rhg3 Bc5 43.Bd1 Bb4
44.Kf1 Rd8 45.Be2 Rde8 46.Kf2 Bc5+ 47.Ke1 Bb4+ 48.Kd1 Rd8 49.Bf1 Rde8 50.Rh2 e3
51.Bd3 Re7 52.Ke2 Rfe8 53.Bxf5 Bc5 54.g6 fxg6 55.hxg6 h6 56.Be6 Rf8 57.f5 Rh8
58.Kd3 Rf8 59.Rgh3 Rh8 60.Kc3 Ba3 61.Rxe3 Bc1 62.Rf3 Bg5 63.Rfh3 Bf6+ 64.Kb4 Bd4
65.Kb5 Rc7 66.b4 Bg1 67.Rg2 Bd4 68.Rf3 Be5 69.Re3 Bd4 70.Re4 Be5 71.Rxe5 dxe5
72.d6 Rc6 73.d7 Rd6 74.c5 bxc5 75.bxc5 Ra6 76.f6+  1-0

[Event "III Corporation Cup A"]
[Site "Izhevsk RUS"]
[Date "2011.07.18"]
[Round "4"]
[White "Papayan,O"]
[Black "Shurunov,An"]
[Result "1/2-1/2"]
[WhiteElo "2285"]
[BlackElo "1930"]

1.d4 Nf6 2.Bg5 d5 3.Bxf6 exf6 4.e3 Bd6 5.c4 c6 6.cxd5 cxd5 7.Nc3 Be6 8.Qb3 Qd7
9.Nf3 O-O 10.Be2 Nc6 11.O-O Na5 12.Qb5 Nc6 13.Na4 a6 14.Qb6 Bc7 15.Qc5 b5
16.Rac1 Rfc8 17.Nb6 Bxb6 18.Qxb6 Nd8 19.Nd2 Rcb8 20.Qc7 Rb7 21.Qxd7 Rxd7
22.Nb3 Nb7 23.Rc6 Nd8 24.Rb6 Rb7 25.Rd6 Kf8 26.Nc5 Rba7 27.Bf3 Ke7 28.Rb6 f5
29.Rc1 Rc8 30.Rc3 Rcc7 31.Ra3 Rc6 32.Rxb5 Rac7 33.Rb8 Nb7 34.b4 Rb6 35.Rb3 a5
36.a3 axb4 37.Rxb4 Nxc5 38.R4xb6 Nd7 39.h4 Nxb6 40.Rxb6 Ra7 41.Rb3 Kd6 42.Rc3 g6
43.Kf1 Bd7 44.Be2 h5 45.Ke1 Ra4 46.Kd2 f4 47.Kc2 fxe3 48.fxe3 Ra8 49.Bf3 Ba4+
50.Kc1 Re8 51.Kd2 Bc6 52.Bd1 Ra8 53.Kc1 f6 54.Kb2 Be8 55.Rc5 Bc6 56.Bc2 g5
57.hxg5 fxg5 58.e4 Re8 59.Kc3 dxe4 60.Rxg5 h4 61.Rg6+ Kc7 62.Rg7+ Kd6 63.Rg6+ Kc7
64.Rg4 e3 65.Rxh4 Bxg2 66.Rh5 Kd6 67.Bd1 Ra8 68.a4 e2 69.Bxe2 Rxa4 70.Bc4 Ra3+
71.Kb4 Rh3 72.Ra5 Bb7 73.Rb5 Bh1 74.Rb6+ Kc7 75.Rf6 Rh5 76.Ra6 Kb7 77.Rg6 Kc7
78.Rf6 Kd7 79.Bd3 Ke7  1/2-1/2

[Event "3rd International Open"]
[Site "Rethymno GRE"]
[Date "2011.07.18"]
[Round "9"]
[White "Zubarev,Al1"]
[Black "Zinchenko,Ya"]
[Result "1-0"]
[WhiteElo "2597"]
[BlackElo "2543"]

1.d4 Nf6 2.Bg5 c5 3.d5 Qb6 4.Nc3 Qxb2 5.Bd2 Qb6 6.e4 d6 7.f4 g6 8.e5 Nfd7
9.Nf3 Bg7 10.Rb1 Qd8 11.e6 fxe6 12.Ng5 Nf8 13.Bb5+ Bd7 14.dxe6 Bxb5 15.Nxb5 Qc8
16.O-O Qc6 17.f5 Na6 18.Bc3 Bxc3 19.Nxc3 Nc7 20.f6 exf6 21.Rxf6 d5 22.Qf3 Nfxe6
23.Nxe6 Nxe6 24.Re1 O-O-O 25.Rfxe6 Qd7 26.Re7 Qc6 27.R1e6 Rd6 28.Nb5  1-0

[Event "16th Balaguer Open"]
[Site "Balaguer ESP"]
[Date "2011.07.19"]
[Round "3"]
[White "Juan Bartroli,Pau"]
[Black "Piasetski,L"]
[Result "0-1"]
[WhiteElo "1860"]
[BlackElo "2289"]

1.d4 Nf6 2.Bg5 g6 3.Bxf6 exf6 4.Nf3 f5 5.e3 Bg7 6.Nbd2 O-O 7.Bd3 d5 8.O-O Nd7
9.c4 dxc4 10.Bxc4 Nb6 11.Bb3 c6 12.Nc4 Nd5 13.Re1 Nf6 14.Qc2 Qe7 15.Rad1 Ne4
16.Ncd2 Bd7 17.Bc4 Kh8 18.Qb3 b5 19.Bf1 Rfc8 20.Ne5 Be6 21.Qd3 Bxe5 22.dxe5 Rd8
23.Qc2 Nxd2 24.Rxd2 Rxd2 25.Qxd2 Bxa2 26.Qc3 Bd5 27.g3 b4 28.Qd4 Bf3 29.Qf4 Be4
30.h4 Re8 31.f3 Bd5 32.e4 fxe4 33.fxe4 Qxe5 34.Qxe5+ Rxe5 35.Ra1 Rxe4 36.Bg2 Re2
37.Bxd5 cxd5 38.Rxa7 Rxb2 39.Rd7 b3 40.Rxd5 Ra2 41.Rd1 b2  0-1